banner koha

Eriocaulaceae from Serra da Canastra, Minas Gerais, Brazil (Registro n. 339579)

MARC details
000 -LÍDER
fixed length control field 03827nab a2200265 i 4500
003 - CÓDIGO MARC DA AGÊNCIA CATALOGADORA
Campo de controle BR-BrBNA
005 - DATA E HORA DA ÚLTIMA ATUALIZAÇÃO
Campo de controle 20251224170351.0
008 - CAMPO DE TAMANHO FIXO
fixed length control field 251224b2024 bl.ar|pooa||| 00| 0 eng |
040 ## - FONTE DA CATALOGAÇÃO
Agência catalogadora BR-BrBNA
Idioma da catalogação eng
072 ## - CATEGORIA AGRIS
Código AGRIS F70
100 ## - ENTRADA PRINCIPAL - NOME PESSOAL
Nome pessoal Freitas, Mariane da Silva
100 ## - ENTRADA PRINCIPAL - NOME PESSOAL
Nome pessoal Trovó, Marcelo
100 ## - ENTRADA PRINCIPAL - NOME PESSOAL
Nome pessoal Echternacht, Livia
245 ## - TÍTULO PRINCIPAL
Título principal Eriocaulaceae from Serra da Canastra, Minas Gerais, Brazil
500 ## - NOTA GERAL
Nota geral Publicação on-line; Bibliography p. 33-35 (65 ref.); 1 table; 5 illus.; Summaries (En, Pt)
942 ## - ADDED ENTRY ELEMENTS (KOHA)
Koha item type Analítica
520 ## - NOTA DE RESUMO
Nota de conteúdo <br/><br/>Abstract<br/><br/>Eriocaulaceae exhibit wide diversity within the Campo Rupestre, with the Serra do Espinhaço as their richest<br/>region. However, other mountain ranges featuring Campo Rupestre, like Serra da Canastra, also harbor<br/>a significant number of species. The present work consists of the taxonomic treatment of Eriocaulaceae<br/>occurring in the Serra da Canastra, as well as an analysis of the species distribution in three main surrounding<br/>Campo Rupestre areas: the Espinhaço and Mantiqueira Ranges, and the Chapada dos Veadeiros and neighbor<br/>mountains. Thirty-one species were recorded: 19 of Paepalanthus, six of Syngonanthus, four of Comanthera, <br/>one of Eriocaulon, and one of Leiothrix. Canastra shares eight species with Espinhaço, Mantiqueira, and<br/>Veadeiros; seven with Espinhaço and Mantiqueira; two with Espinhaço and Veadeiros; five exclusively with<br/>the Espinhaço and two exclusively with Veadeiros. Seven species are endemic to Canastra: Paepalanthus<br/>claussenianus, P. canastrensis, P. polycladus, P. sericiscapus, P. sinuosus, P. uai, and Syngonanthus culcitosus. <br/>Photographs, descriptions, identification key and comments on the morphological variations and geographic<br/>distribution for each species are presented, in addition to maps of the occurrence and distribution of species<br/>in different locations.<br/><br/>Key words: Campo rupestre, flora, microendemics, Monocots, taxonomy.<br/><br/><br/><br/><br/>Resumo<br/><br/>Eriocaulaceae são amplamente diversificadas nos Campos Rupestres, sendo que a Serra do Espinhaço é a<br/>região mais rica em espécies. Entretanto, outras áreas também abrigam um número expressivo de espécies,<br/>como a Serra da Canastra. O presente trabalho consiste na flora de Eriocaulaceae na Serra da Canastra, bem<br/>como na análise de distribuição das espécies compartilhadas com as três maiores áreas de Campo Rupestre<br/>vizinhas: a Cadeia do Espinhaço, a Serra da Mantiqueira e a Chapada dos Veadeiros e montanhas vizinhas.<br/>Foram registradas 31 espécies, sendo 19 de Paepalanthus, seis de Syngonanthus, quatro de Comanthera, uma<br/>para Eriocaulon e uma para Leiothrix. A Canastra compartilha oito espécies com o Espinhaço, Mantiqueira e<br/>Veadeiros; sete com Espinhaço e Mantiqueira; duas com Espinhaço e Veadeiros; cinco exclusivamente com<br/>o Espinhaço e duas exclusivamente com Veadeiros. Sete espécies são endêmicas da Canastra: Paepalanthus<br/>claussenianus, P. canastrensis, P. polycladus, P. sericiscapus, P. sinuosus, P. uai e Syngonanthus culcitosus. <br/>São apresentadas fotografias, descrições, chave de identificação e comentários sobre as variações morfológicas<br/>e distribuição geográfica para cada uma delas, além de mapas de ocorrência e distribuição das espécies nas<br/>diferentes localidades.<br/><br/>Palavras-chave: Campo rupestre, flora, microendemismo, Monocotiledôneas, taxonomia.
650 ## - ASSUNTO - THESAGRO
Cabeçalho tópico ou nome geográfico CAMPO RUPESTRE
650 ## - ASSUNTO - THESAGRO
Cabeçalho tópico ou nome geográfico FLORA
650 ## - ASSUNTO - THESAGRO
Cabeçalho tópico ou nome geográfico MONOCOTILEDÔNEA
650 ## - ASSUNTO - THESAGRO
Cabeçalho tópico ou nome geográfico TAXONOMIA
773 0# - ENTRADA ANALÍTICA
Host Biblionumber 709
Registro do item 359346
Imprenta Rio de Janeiro-RJ Jardim Botanico do Rio de Janeiro 1935
Outro identificador 2025-7320
Título Rodriguésia (Brazil)
ISSN 0370-6583; 2175-7860 on-line
Colação v. 75 p. 1-35; (2024)
Número de controle de registro BR2025004534
856 ## - ACESSO E ENDEREÇO ELETRÔNICO
Identificador uniforme de recurso - URI https://www.scielo.br/j/rod/a/qztkMtHTGqBh3gpNc5XxkXr/?format=pdf&lang=en

Nenhum exemplar disponível.

BINAGRI

Telefone: (61)3218-2567/2388/3357/2097 - binagri@agro.gov.br

Ministério da Agricultura e Pecuária , Esplanada dos Ministérios, Bloco D, Anexo B, Brasília/DF, CEP: 70.043-900